00566nam a2200133Ia 4500008004100000020001800041082001500059100002200074245002900096260003500125300001400160505021100174650004700385120629s9999 xx 000 0 und d a970-640-076-1 aC610 P438o aPerez Tamayo, Ruy aObras / Ruy Perez Tamayo aMéxico : El Colegio Nacional aIrregular aTomo. 2-4. Articulos cientificos - Tomo.6-10. Articulos de divulgacion - Curriculum Vitae - Tomo. 14. Articulos de divulgacion : temas universitarios. Personas y personajes. Comentarios y prologos de libros a1. MEDICINA-ENSAYOS \ 2.CIENCIA-ENSAYOSÌ